000 01324nam a2200337 a 4500
003 BLK
005 20250721163918.0
008 180408b bul|||||r ||||||| ||bul||
010 _aKNG00044475000
020 _a9789542622451
040 _aBLK
041 _aBUL
_cBUL
080 _aАнглийска литература
_b821.111
_x-93-31
_z821.111-93-31
084 _aБ 26
100 1 _aБари, Джеймс Матю
_936654
245 1 0 _aПитър Пан
_cДжеймс Матю Бари ; [ил.] Кантен Гребан ; прев. Маргарита Дограмаджян
257 _aGBR
260 _aПловдив
_bХермес
_c2023
_fКостинброд : Мултипринт
300 _a118 с.
_bс цв. ил.
_c29 см
380 _aDX
500 _aОриг. загл.: Peter Pan / James Matthew Barrie. - 1. изд. 2011 в сер. Златно перо
700 _aГребан, Кантен
_9452728
700 1 _aДограмаджян, Маргарита Месроб
_963864
852 _aЦб ІІ 32456
_bЦб
856 4 _qpdf
856 4 _qpdf
942 _cKNG
_n0
_051
_s1
944 _cТеодора Пейчева-Дянкова
_lАнна Гръцманова
_k30564
944 _aED
_c2023-12-18
_kГГГ
999 _c495949
_d495949